000 00948ccm a2200325 a 4500
001 8110
003 BD-JhCC
005 20231121111826.0
008 860327s1985 nyumuu 1 eng
020 _a0825622565
020 _a0711901910
035 _a(BD-JhCC)8110
035 _a130002
040 _aANL
_dANL
_cBD-JhCC
041 _aeng
050 0 _aMT239
_b.M339 1985
082 _bMEH 1985
100 1 _aMehegan, John.
245 1 0 _aImprovising jazz piano /
_c John Mehegan]
260 _aNew York ;
_aLondon :
_bAmsco Publications ;
_bExclusive distributors, Music Sales Corp.,
_cc1985.
300 _a104 p. :
_bport. ;
_c31 cm.
500 _a"A John Mehegan book"--Cover.
500 _aIncludes chord symbols.
500 _aPublisher's no.: AM 32483.
650 0 _aPiano
_xStudies and exercises (Jazz)
650 0 _aImprovisation (Music)
650 0 _aJazz
_xInstruction and study.
942 _2ddc
_cBK
999 _c8110
_d8110